00719naa a2200205 450000500170000001000150001702000260003203500140005803700090007208200140008110000250009524500560012025000060017626000400018227000650022230000220028794200300030999900190033995201550035820250811160121.0 aENG-146449 c299.00a9789355644602 aEN-129981 bDBAD a220.2121 aAgarwal, D.K.984060 aVedas & Upanishads For Children/cby D.K. Agarwal  a1 aNew DelhibDisha Publicationsc2025 aB-32, Shivalik Main Road, Malviya Nagar,bNew Delhi e110017 a210p. c21cm (pb) adplcEN2ddch220.21mAGA c212999d212999 001040718NFICaBNbBNd2025-08-11eDelivery of Books Act Divisiong299.00l0o220.21 AGApEN-129981r2025-08-11 00:00:00t1v299.00w2025-08-11yEN